000 00743nam a22002657a 4500
003 CHAP
005 20220329134224.0
008 971013s1964 r 00010 d
010 _a17190
011 _a18162
035 _a22247
040 _cCHAP
082 _a575.13
_bJ55
100 0 0 _aJinks, John L.
_961706
245 _aExtrachromosomal inheritance
260 _aEnglewood Clifss, New York :
_bPrentice-Hall,
_c1964
300 _a177 p.
_b: ilus
590 _aBATCH-UPD
_b10
_c20130110
_lUCH01
_h1837
590 _aCONVERSION
_b10
_c20130109
_lUCH01
_h1311
650 1 4 _aCromosomas.
_929152
650 1 4 _aHerencia.
_953725
901 _aBK
942 _cLIBRO
949 _a575.13 J55
_bBC
_cLIBRO
_d33724000447041
_eLIBRO
_h8571
_i22247
_si
999 _c17190
_d17190